| Tag |
First Indicator |
Second Indicator |
Subfields |
| LEADER |
00000cam a2200000 4500 |
| 001 |
in00000090366 |
| 005 |
20151008063648.0 |
| 008 |
700312s1968 maua 00110 eng |
| 010 |
|
|
|a 72086612
|
| 020 |
|
|
|a 0262540096
|
| 035 |
|
|
|a (OCoLC)00059676
|
| 035 |
|
|
|9 AAK2689AM
|
| 040 |
|
|
|a DLC
|c DLC
|d TXA
|d UtOrBLW
|
| 049 |
|
|
|a TXAM
|c 1 [1111243], 2 [1502130]
|
| 050 |
0 |
0 |
|a TA668
|b .D5
|
| 082 |
0 |
|
|a 691/.92
|
| 100 |
1 |
|
|a Dietz, Albert G. H.
|q (Albert George Henry),
|d 1908-
|
| 245 |
1 |
0 |
|a Plastics for architects and builders /
|c [by] Albert G. H. Dietz.
|
| 264 |
|
1 |
|a Cambridge, Mass. :
|b MIT Press,
|c [1969]
|
| 264 |
|
4 |
|c [©1969]
|
| 300 |
|
|
|a viii, 129 pages :
|b illustrations (part color) ;
|c 29 cm.
|
| 336 |
|
|
|a text
|b txt
|2 rdacontent
|
| 337 |
|
|
|a unmediated
|b n
|2 rdamedia
|
| 338 |
|
|
|a volume
|b nc
|2 rdacarrier
|
| 650 |
|
0 |
|a Plastics in building.
|
| 650 |
|
0 |
|a Plastics.
|
| 999 |
|
|
|a MARS
|
| 999 |
f |
f |
|s 5c216409-cce3-3d78-9090-d3e9bcc158fa
|i d88596fd-61a3-3614-909c-2d2b7270db3b
|t 0
|
| 952 |
f |
f |
|p normal
|a Texas A&M University
|b College Station
|c Sterling C. Evans Library
|d Evans: Library Stacks
|t 0
|e TA668 .D5
|h Library of Congress classification
|i unmediated -- volume
|m A14806243572
|
| 952 |
f |
f |
|p ric
|a Texas A&M University
|b Rellis Campus
|c Joint Library Facility
|d Remote Storage
|t 0
|e TA668 .D5
|h Library of Congress classification
|i unmediated -- volume
|m A14805335017
|
| 998 |
f |
f |
|a TA668 .D5
|t 0
|l Evans: Library Stacks
|
| 998 |
f |
f |
|a TA668 .D5
|t 0
|l Remote Storage
|